House prices in seaside towns more than double over the past decade (Record no. 83171)

MARC details
000 -LEADER
fixed length control field 00921cad a22001935a 4500
001 - CONTROL NUMBER
control field L153056
008 - FIXED-LENGTH DATA ELEMENTS--GENERAL INFORMATION
fixed length control field 110531e20110530xxk 000 0 eng d
035 ## - SYSTEM CONTROL NUMBER
System control number (Sirsi) u153056
041 0# - LANGUAGE CODE
Language code of text/sound track or separate title eng
245 00 - TITLE STATEMENT
Title House prices in seaside towns more than double over the past decade
Medium [electronic resource]
260 ## - PUBLICATION, DISTRIBUTION, ETC.
Date of publication, distribution, etc. 2010
490 ## - SERIES STATEMENT
Series statement Halifax Press Release
Volume/sequential designation 30 May 2011
520 ## - SUMMARY, ETC.
Summary, etc. Halifax Seaside Town Review 2011 tracks down house price movements in approximately 100 seaside towns. Withernsea is the most affordable and Sandbanks the most expensive. Compiled from Land Registry data.
590 ## - LOCAL NOTE (RLIN)
Local note KA
651 #4 - SUBJECT ADDED ENTRY--GEOGRAPHIC NAME
Geographic name ENGLAND AND WALES
690 ## - LOCAL SUBJECT ADDED ENTRY--TOPICAL TERM (OCLC, RLIN)
Topical term or geographic name as entry element PROPERTY-RESIDENTIAL PROPERTY-RESIDENTIAL PROPERTY MARKET
856 48 - ELECTRONIC LOCATION AND ACCESS
Uniform Resource Identifier <a href="https://www.lloydsbankinggroup.com/media/pdfs/halifax/2011/30052011_House_Prices_in_Seaside_Towns_More_Than_Double.pdf">https://www.lloydsbankinggroup.com/media/pdfs/halifax/2011/30052011_House_Prices_in_Seaside_Towns_More_Than_Double.pdf</a>
Public note View this item free of charge at www.lloudsbankinggroup.com
942 ## - ADDED ENTRY ELEMENTS (KOHA)
Suppress in OPAC 0
Holdings
Withdrawn status Lost status Source of classification or shelving scheme Damaged status Not for loan Home library Current library Shelving location Date acquired Total Checkouts Full call number Barcode Date last seen Copy number Price effective from Koha item type
    Dewey Decimal Classification     Virtual Virtual Online 31/05/2011   ONLINE PUBLICATION 153056-2001 06/08/2019 1 06/08/2019 Journal article